LEADER 01076nam a2200241 i 4500 001 000000182958 003 CaOOAMICUS 005 20220907100123.0 008 091103s1965 fr u000 u fre u 013 $a160919 040 $aSeMil$bita 100 1 $aDansette, Adrien.$0(OLS)http://semarc/name/4865 245 10$aHistoire religieuse de la France contemporaine :$bl'Église catholique dans la mêlée politique et sociale /$cAdrien Dansette. 250 $aÉd. revue et corrigée 264 1$aParis :$bFlammarion,$c1965. 300 $a892 p. ;$c22 cm. 650 4$aFrancia - Storia religiosa - 1789-1930.$0(OLS)http://semarc/subject/52799 650 4$aChiesa - Francia.$0(OLS)http://semarc/subject/1542 850 $aSeMil 852 $aSeMil$W1$xVenegono$y1$m3E II 141$j133662$B133662$CSeMilBibl$Z2$F145416 $81 996 $6245$aHistoire religieuse de la France contemporaine :$bl'Église catholique dans la mêlée politique et sociale$9(OLS)http://semarc/title/262573 996 $6264$aParis :$bFlammarion$9(OLS)http://semarc/publisher/30425 LEADER 00789nam a2200205 i 4500 001 000000088600 003 CaOOAMICUS 005 20040205000000.0 008 040205s1950 it u000 u ita u 013 $a60841 040 $aSeMil$bita 245 13$aLa vita di Benvenuto Cellini /$cintroduzione e commento di Giulio A. Levi. 260 $aTorino :$bSEI,$c1950. 300 $a312 p. ;$c20 cm. 600 14$aCellini, Benvenuto <1500-1571>.$0(OLS)http://semarc/subject/7752 700 1 $aLevi, Giulio Augusto.$0(OLS)http://semarc/name/36828 850 $aSeMil 852 $aSeMil$W1$xVenegono$y1$m54 30 4 *$j51837$B51837$CSeMilBibl$Z2$F56200 $81 996 $6245$aLa vita di Benvenuto Cellini$9(OLS)http://semarc/title/134466 996 $6260$aTorino :$bSEI$9(OLS)http://semarc/publisher/29848